Central Library OPAC University of Rajshahi

The Celtic realms / (Record no. 26750)

MARC details
000 -LEADER
fixed length control field 00862cam a22002771 4500
001 - CONTROL NUMBER
control field 26750
003 - CONTROL NUMBER IDENTIFIER
rucl marc code BD-RjUL
005 - DATE AND TIME OF LATEST TRANSACTION
control field 20211209051049.0
008 - FIXED-LENGTH DATA ELEMENTS--GENERAL INFORMATION
fixed length control field 140323s1967 enkbf b 000 0 eng
035 ## - SYSTEM CONTROL NUMBER
System control number (BD-RjUL)26821
System control number (BD-RjUL)26821
040 ## - CATALOGING SOURCE
Original cataloging agency DLC
Transcribing agency TNJ
Modifying agency Uk
-- OCoLC
-- BD-RjUL
Language of cataloging eng
041 ## - LANGUAGE CODE
Language code of text/sound track or separate title eng
082 ## - DEWEY DECIMAL CLASSIFICATION NUMBER
Classification number 910.03174916
Author mark and year DIC 1967
100 1# - MAIN ENTRY--PERSONAL NAME
Personal name Dillon, Myles,
Dates associated with a name 1900-1972.
9 (RLIN) 82200
245 14 - TITLE STATEMENT
Title The Celtic realms /
Statement of responsibility, etc. Myles Dillon and Nora K. Chadwick.
260 ## - PUBLICATION, DISTRIBUTION, ETC. (IMPRINT)
Place of publication, distribution, etc. London,
Name of publisher, distributor, etc. Weidenfeld & Nicolson,
Date of publication, distribution, etc. 1967.
300 ## - PHYSICAL DESCRIPTION
Pagination [12], 355 p. :
Illustrations 64 plates, 6 maps. ;
Size 25 cm.
490 0# - SERIES STATEMENT
Series statement History of civilisation
504 ## - BIBLIOGRAPHY, ETC. NOTE
Bibliography, etc Bibliography: p. 330-335.
650 #0 - SUBJECT ADDED ENTRY--TOPICAL TERM
Topical term or geographic name as entry element Celts.
9 (RLIN) 82201
700 1# - ADDED ENTRY--PERSONAL NAME
Personal name Chadwick, Nora K.
Fuller form of name (Nora Kershaw),
Dates associated with a name 1891-1972,
Relator term joint author.
942 ## - ADDED ENTRY ELEMENTS (KOHA)
Source of classification or shelving scheme Dewey Decimal Classification
Koha item type Books
Holdings
Lost status Source of classification or shelving scheme Damaged status Not for loan Collection code Permanent Location Current Location Shelving location Date acquired Source of acquisition Cost, normal purchase price Total Checkouts Full call number Date last seen Copy number Koha item type
  Dewey Decimal Classification   Added to bundle Non-fiction Central Library, University of Rajshahi Central Library, University of Rajshahi Reading Room 14/08/1972 Paragon 69.30   910.03174916 DIC 1967 23/03/2014 C-1 Books